000 00322nam a22001337a 4500
008 180221b xxu||||| |||| 00| 0 eng d
020 _a9781578862375
041 _aeng
080 _a37
100 _a47
101 _aEDU
245 _aResearch on alternative and non-traditional education
_cDangel,J.R
942 _2udc
_cBK
999 _c43061
_d43061